Language Quiz

Random Language Quiz
Score 0/20 Timer 05:00
0 Plays Today
Clue Answer % Correct
A finger or toe Digit
90%
The official language of India Hindi
81.3%
'Port-au-Prince' is its capital cityHaiti
81.3%
The seventh-largest country in the worldIndia
78%
Homer's Greek epic poemIliad
75.3%
Lines from the circumference to the centreRadii
70%
An ignoramusIdiot
69.3%
The shinboneTibia
67.3%
The Algonquians called them Eskimo Inuit
64%
Saddam Hussein was oneIraqi
58%
Clue Answer % Correct
A place for Dolphins !Miami
58%
A plea of being elsewhereAlibi
48%
Relating to a citizen or citizensCivil
39.3%
Showing fear and lack of confidenceTimid
38%
Expression that has a figurative meaningIdiom
28%
A watch kept during normal sleeping hoursVigil
28%
From the genus CapsicumChili
24.7%
Cornish creature of folklorePixie
17.3%
Another name for a 'half note'Minim
16.7%
97xcvii
14%
Remove Ads.
Support Sporcle.
Get the best of Sporcle when you Go Orange. This ad-free experience offers more features, more stats, and more fun while also helping to support Sporcle. Thank you for becoming a member.

You're not logged in!

Compare scores with friends on all Sporcle quizzes.
OR
Log In

Show Comments

Extras

Created Oct 20, 2010ReportNominate

Top Quizzes Today


Score Distribution

Your Account Isn't Verified!

In order to create a playlist on Sporcle, you need to verify the email address you used during registration. Go to your Sporcle Settings to finish the process.

Report this User

Report this user for behavior that violates our Community Guidelines.

Details: